000 00245nam a22001217a 4500
040 _cSY
082 _a609
100 _aNA
245 _aTechnology, បច្ចេកវិទ្យា
260 _aRUA
_bNA
_cNA
300 _a115p.
942 _cKB
999 _c9640
_d9640